000 00608nam a22001817a 4500
005 20231206085245.0
008 231206b |||||||| |||| 00| 0 eng d
020 _a9780702155857
041 _aEnglish
082 _a346.5 COR
100 _aCorbett, MM ; Hofmeyer, G and Kahn, E
_lEnglish
245 _aThe Law of Succession in South Africa /
_cMM Corbett, G Hofmeyer and E Kahn
250 _aSecond Edition
260 _aCape Town :
_bJuta and Company (Pty) Ltd,
_c2001
300 _blxxvi, 729 pages ;
_c26 cm.
650 _aLegal practice
_bLaw
942 _cBK
_6ALISON_BN_VRIES
999 _c1142
_d1142